[Event "ODJM C 2023"]
[Site "Willingen GER"]
[Date "2023.05.28"]
[Round "1"]
[White "Liu, Kairui"]
[Black "Börner, Eric"]
[Result "1/2-1/2"]
[Termination "normal"]
[Board "21"]
[WhiteElo "1024"]
[BlackElo "1287"]
[WhiteClock "01:08:41"]
[BlackClock "00:08:29"]
[PlyCount "92"]
[WhiteFideId "34660534"]
[BlackFideId "34608362"]
[EventCountry "GER"]
[EventRounds "9"]
[EventType "swiss"]
[EventDate "2023.05.27"]

1. e4 {[%clk 01:30:58] [%emt 00:00:02]} 1... e5 {[%clk 01:30:50] [%emt
00:00:10]} 2. Nf3 {[%clk 01:31:21] [%emt 00:00:07]} 2... Nc6 {[%clk 01:31:06]
[%emt 00:00:14]} 3. Bc4 {[%clk 01:31:44] [%emt 00:00:07]} 3... Bc5 {[%clk
01:31:25] [%emt 00:00:11]} 4. c3 {[%clk 01:32:06] [%emt 00:00:09]} 4... Nf6
{[%clk 01:29:32] [%emt 00:02:22]} 5. d4 {[%clk 01:32:13] [%emt 00:00:24]} 5...
exd4 {[%clk 01:29:47] [%emt 00:00:15]} 6. cxd4 {[%clk 01:32:21] [%emt
00:00:21]} 6... Bb4+ {[%clk 01:28:20] [%emt 00:01:58]} 7. Bd2 {[%clk 01:32:43]
[%emt 00:00:08]} 7... Bxd2+ {[%clk 01:22:28] [%emt 00:06:22]} 8. Nbxd2 {[%clk
01:32:57] [%emt 00:00:14]} 8... O-O {[%clk 01:22:47] [%emt 00:00:12]} 9. Qb3
{[%clk 01:32:27] [%emt 00:01:01]} 9... Na5 {[%clk 01:19:04] [%emt 00:04:12]}
10. Qc3 {[%clk 01:32:28] [%emt 00:00:30]} 10... Nxc4 {[%clk 01:18:37] [%emt
00:00:57]} 11. Qxc4 {[%clk 01:32:24] [%emt 00:00:33]} 11... Re8 {[%clk
01:16:32] [%emt 00:02:35]} 12. e5 {[%clk 01:31:48] [%emt 00:01:07]} 12... d6
{[%clk 01:09:11] [%emt 00:07:51]} 13. O-O {[%clk 01:28:29] [%emt 00:03:49]}
13... Be6 {[%clk 01:03:53] [%emt 00:05:48]} 14. Qc2 {[%clk 01:26:17] [%emt
00:02:42]} 14... dxe5 {[%clk 01:03:31] [%emt 00:00:52]} 15. dxe5 {[%clk
01:26:08] [%emt 00:00:38]} 15... Nd7 {[%clk 01:03:19] [%emt 00:00:40]} 16. Rac1
{[%clk 01:25:46] [%emt 00:00:55]} 16... c6 {[%clk 01:00:24] [%emt 00:03:24]}
17. a3 {[%clk 01:25:16] [%emt 00:01:01]} 17... Bg4 {[%clk 00:59:56] [%emt
00:00:58]} 18. Rfe1 {[%clk 01:23:14] [%emt 00:02:32]} 18... Qc7 {[%clk
00:57:36] [%emt 00:02:48]} 19. Qe4 {[%clk 01:22:22] [%emt 00:01:23]} 19... Bxf3
{[%clk 00:56:40] [%emt 00:01:27]} 20. Nxf3 {[%clk 01:22:27] [%emt 00:00:25]}
20... Re6 {[%clk 00:48:26] [%emt 00:08:43]} 21. Red1 {[%clk 01:19:20] [%emt
00:03:38]} 21... Nxe5 {[%clk 00:47:56] [%emt 00:01:01]} 22. Nxe5 {[%clk
01:19:29] [%emt 00:00:21]} 22... Qxe5 {[%clk 00:45:04] [%emt 00:03:22]} 23. Qd3
{[%clk 01:19:25] [%emt 00:00:34]} 23... Ree8 {[%emt 00:03:04]} 24. b4 {[%clk
01:18:37]} 24... Qe4 {[%clk 00:40:19] [%emt 00:03:58]} 25. Qxe4 {[%clk
01:18:07] [%emt 00:01:01]} 25... Rxe4 {[%clk 00:40:40] [%emt 00:00:08]} 26. f3
{[%clk 01:17:45] [%emt 00:00:53]} 26... Re3 {[%clk 00:40:51] [%emt 00:00:18]}
27. Ra1 {[%clk 01:17:33] [%emt 00:00:43]} 27... h6 {[%clk 00:38:22] [%emt
00:02:59]} 28. Kf2 {[%clk 01:17:13] [%emt 00:00:50]} 28... Rae8 {[%clk
00:36:09] [%emt 00:02:43]} 29. Ra2 {[%clk 01:16:49] [%emt 00:00:55]} 29... g5
{[%clk 00:34:38] [%emt 00:02:00]} 30. Rd7 {[%clk 01:16:16] [%emt 00:01:03]}
30... R3e7 {[%clk 00:34:09] [%emt 00:00:57]} 31. Rd6 {[%clk 01:16:09] [%emt
00:00:40]} 31... Kg7 {[%clk 00:33:18] [%emt 00:01:20]} 32. a4 {[%clk 01:15:29]
[%emt 00:01:11]} 32... Re3 {[%clk 00:29:55] [%emt 00:03:51]} 33. Rdd2 {[%clk
01:14:47] [%emt 00:01:13]} 33... Rb3 {[%clk 00:29:19] [%emt 00:01:06]} 34. Rdb2
{[%clk 01:12:46] [%emt 00:02:32]} 34... Rxb2+ {[%clk 00:26:35] [%emt 00:03:14]}
35. Rxb2 {[%clk 01:12:58] [%emt 00:00:18]} 35... Rd8 {[%clk 00:26:37] [%emt
00:00:28]} 36. g4 {[%clk 01:12:48] [%emt 00:00:40]} 36... Rd4 {[%clk 00:26:46]
[%emt 00:00:21]} 37. Kg3 {[%clk 01:12:19] [%emt 00:00:59]} 37... Kf6 {[%clk
00:27:02] [%emt 00:00:13]} 38. a5 {[%clk 01:12:05] [%emt 00:00:45]} 38... Ke6
{[%clk 00:26:04] [%emt 00:01:27]} 39. h3 {[%clk 01:10:47] [%emt 00:01:49]}
39... Kd6 {[%clk 00:26:04] [%emt 00:00:29]} 40. Kf2 {[%clk 01:10:15] [%emt
00:01:02]} 40... Kd5 {[%clk 00:22:59] [%emt 00:03:34]} 41. b5 {[%clk 01:09:08]
[%emt 00:01:38]} 41... Ra4 {[%clk 00:22:59] [%emt 00:00:29]} 42. bxc6 {[%clk
01:09:08] [%emt 00:00:31]} 42... Kxc6 {[%clk 00:22:59] [%emt 00:00:30]} 43.
Rc2+ {[%clk 01:09:12] [%emt 00:00:27]} 43... Kd6 {[%clk 00:18:34] [%emt
00:04:54]} 44. Rb2 {[%clk 01:08:56] [%emt 00:00:47]} 44... Kc7 {[%clk 00:13:12]
[%emt 00:05:52]} 45. Rb5 {[%clk 01:08:41] [%emt 00:00:45]} 45... Ra2+ {[%clk
00:12:44] [%emt 00:00:57]} 46. Kg3 {[%clk 01:08:41] [%emt 00:00:28]} 46... f6
{[%clk 00:08:29] [%emt 00:04:46]} 1/2-1/2

[Event "ODJM C 2023"]
[Site "Willingen GER"]
[Date "2023.05.28"]
[Round "1"]
[White "Janssen, Julika"]
[Black "Betz, Niclas"]
[Result "1-0"]
[Termination "normal"]
[Board "22"]
[WhiteElo "1286"]
[BlackElo "1043"]
[WhiteClock "01:00:04"]
[BlackClock "01:16:13"]
[PlyCount "50"]
[WhiteFideId "16287339"]
[BlackFideId "34616748"]
[EventCountry "GER"]
[EventRounds "9"]
[EventType "swiss"]
[EventDate "2023.05.27"]

1. d4 {[%clk 01:30:56] [%emt 00:00:03]} 1... d5 {[%clk 01:30:51] [%emt
00:00:10]} 2. Nf3 {[%clk 01:31:17] [%emt 00:00:09]} 2... e6 {[%clk 01:30:39]
[%emt 00:00:42]} 3. Bf4 {[%clk 01:31:20] [%emt 00:00:26]} 3... Nf6 {[%clk
01:30:01] [%emt 00:01:08]} 4. e3 {[%clk 01:31:21] [%emt 00:00:29]} 4... Nc6
{[%clk 01:29:57] [%emt 00:00:34]} 5. Be2 {[%clk 01:31:07] [%emt 00:00:45]} 5...
Bd6 {[%clk 01:29:01] [%emt 00:01:26]} 6. Bg3 {[%clk 01:30:45] [%emt 00:00:52]}
6... Bd7 {[%clk 01:28:21] [%emt 00:01:11]} 7. O-O {[%clk 01:29:39] [%emt
00:01:36]} 7... Qe7 {[%clk 01:28:27] [%emt 00:00:24]} 8. c3 {[%clk 01:27:54]
[%emt 00:02:15]} 8... O-O-O {[%clk 01:28:35] [%emt 00:00:21]} 9. a4 {[%clk
01:27:26] [%emt 00:00:58]} 9... h5 {[%clk 01:26:08] [%emt 00:02:56]} 10. b4
{[%clk 01:24:09] [%emt 00:03:48]} 10... e5 {[%clk 01:25:40] [%emt 00:00:59]}
11. b5 {[%clk 01:19:32] [%emt 00:05:07]} 11... Na5 {[%clk 01:23:39] [%emt
00:02:09]} 12. dxe5 {[%clk 01:19:39] [%emt 00:00:46]} 12... Bxe5 {[%clk
01:21:25] [%emt 00:02:43]} 13. Bxe5 {[%clk 01:19:11] [%emt 00:00:59]} 13... Bg4
{[%clk 01:20:17] [%emt 00:01:37]} 14. Nbd2 {[%clk 01:17:56] [%emt 00:01:44]}
14... Nc4 {[%clk 01:20:11] [%emt 00:00:38]} 15. Bd4 {[%clk 01:16:55] [%emt
00:01:30]} 15... Nxd2 {[%clk 01:19:25] [%emt 00:01:15]} 16. Nxd2 {[%clk
01:16:50] [%emt 00:00:36]} 16... Bxe2 {[%clk 01:19:03] [%emt 00:00:52]} 17.
Qxe2 {[%clk 01:17:07] [%emt 00:00:13]} 17... h4 {[%clk 01:18:43] [%emt
00:00:49]} 18. h3 {[%clk 01:15:08] [%emt 00:02:30]} 18... Ne4 {[%clk 01:17:47]
[%emt 00:01:26]} 19. Nxe4 {[%clk 01:14:26] [%emt 00:01:12]} 19... Qxe4 {[%clk
01:17:46] [%emt 00:00:30]} 20. a5 {[%clk 01:14:33] [%emt 00:00:23]} 20... Rh6
{[%clk 01:17:44] [%emt 00:00:32]} 21. f3 {[%clk 01:14:14] [%emt 00:00:49]}
21... Qe6 {[%clk 01:17:09] [%emt 00:01:05]} 22. Rfc1 {[%clk 01:12:01] [%emt
00:02:43]} 22... Rg6 {[%clk 01:17:17] [%emt 00:00:21]} 23. c4 {[%clk 01:12:08]
[%emt 00:00:24]} 23... Qxh3 {[%clk 01:17:16] [%emt 00:00:30]} 24. Qf2 {[%clk
01:04:25] [%emt 00:08:13]} 24... Kd7 {[%clk 01:16:13] [%emt 00:01:34]} 25. Kf1
{[%clk 01:00:04] [%emt 00:04:50]} 25... Rxg2 {[%emt 00:02:50]} 1-0

[Event "ODJM C 2023"]
[Site "Willingen GER"]
[Date "2023.05.28"]
[Round "1"]
[White "Prigandt, Junis"]
[Black "Schäfer, Amadeus"]
[Result "0-1"]
[Termination "normal"]
[Board "23"]
[WhiteElo "1019"]
[BlackElo "1274"]
[WhiteClock "01:07:34"]
[BlackClock "00:31:41"]
[PlyCount "58"]
[WhiteFideId "34631712"]
[BlackFideId "34660585"]
[EventCountry "GER"]
[EventRounds "9"]
[EventType "swiss"]
[EventDate "2023.05.27"]

1. d4 {[%clk 01:30:59]} 1... Nf6 {[%clk 01:30:53] [%emt 00:00:07]} 2. c4 {[%clk
01:31:16] [%emt 00:00:14]} 2... e6 {[%clk 01:31:16] [%emt 00:00:08]} 3. Nc3
{[%clk 01:31:25] [%emt 00:00:21]} 3... d5 {[%clk 01:31:17] [%emt 00:00:28]} 4.
Nf3 {[%clk 01:31:16] [%emt 00:00:40]} 4... Bd6 {[%clk 01:30:30] [%emt
00:01:17]} 5. c5 {[%clk 01:30:51] [%emt 00:00:56]} 5... Be7 {[%clk 01:30:40]
[%emt 00:00:19]} 6. g3 {[%clk 01:31:01] [%emt 00:00:20]} 6... c6 {[%clk
01:30:03] [%emt 00:01:07]} 7. Bg2 {[%clk 01:30:47] [%emt 00:00:44]} 7... O-O
{[%clk 01:29:52] [%emt 00:00:41]} 8. O-O {[%clk 01:31:10] [%emt 00:00:07]} 8...
b6 {[%clk 01:29:40] [%emt 00:00:42]} 9. cxb6 {[%clk 01:31:05] [%emt 00:00:35]}
9... axb6 {[%clk 01:29:54] [%emt 00:00:16]} 10. a3 {[%clk 01:31:03] [%emt
00:00:33]} 10... c5 {[%clk 01:30:06] [%emt 00:00:17]} 11. e3 {[%clk 01:31:12]
[%emt 00:00:22]} 11... Ba6 {[%clk 01:29:59] [%emt 00:00:36]} 12. Re1 {[%clk
01:31:29] [%emt 00:00:14]} 12... Nbd7 {[%clk 01:27:54] [%emt 00:02:34]} 13. Nd2
{[%clk 01:29:24] [%emt 00:02:36]} 13... Bd3 {[%clk 01:24:44] [%emt 00:03:40]}
14. e4 {[%clk 01:28:04] [%emt 00:01:50]} 14... cxd4 {[%emt 00:18:37]} 15. Na4
{[%clk 01:24:36] [%emt 00:03:56]} 15... Bb5 {[%clk 01:05:09] [%emt 00:01:58]}
16. b3 {[%clk 01:24:26] [%emt 00:00:42]} 16... Nc5 {[%clk 01:00:09] [%emt
00:05:29]} 17. Nxc5 {[%clk 01:24:48] [%emt 00:00:09]} 17... bxc5 {[%clk
01:00:25] [%emt 00:00:12]} 18. e5 {[%clk 01:24:50] [%emt 00:00:29]} 18... Nd7
{[%clk 01:00:34] [%emt 00:00:21]} 19. a4 {[%clk 01:24:43] [%emt 00:00:37]}
19... Ba6 {[%emt 00:00:54]} 20. Nf3 {[%clk 01:22:14] [%emt 00:02:58]} 20... Rb8
{[%clk 00:58:25] [%emt 00:02:15]} 21. Qc2 {[%clk 01:20:18] [%emt 00:02:26]}
21... Qb6 {[%clk 00:55:47] [%emt 00:03:06]} 22. Nd2 {[%clk 01:18:17] [%emt
00:02:33]} 22... d3 {[%clk 00:47:10] [%emt 00:09:08]} 23. Qc3 {[%clk 01:17:34]
[%emt 00:01:13]} 23... d4 {[%clk 00:46:48] [%emt 00:00:51]} 24. Qb2 {[%clk
01:16:49] [%emt 00:01:16]} 24... c4 {[%clk 00:38:38] [%emt 00:08:39]} 25. Rb1
{[%clk 01:15:38] [%emt 00:01:41]} 25... c3 {[%clk 00:35:57] [%emt 00:03:12]}
26. Qa2 {[%clk 01:13:03] [%emt 00:03:05]} 26... cxd2 {[%clk 00:35:01] [%emt
00:01:25]} 27. Bxd2 {[%emt 00:00:07]} 27... Bb4 {[%clk 00:34:54] [%emt
00:00:36]} 28. a5 {[%clk 01:11:42] [%emt 00:02:16]} 28... Qb5 {[%clk 00:33:16]
[%emt 00:02:07]} 29. Bf4 {[%clk 01:07:34] [%emt 00:04:39]} 29... Bxe1 {[%clk
00:31:41] [%emt 00:02:06]} 0-1

[Event "ODJM C 2023"]
[Site "Willingen GER"]
[Date "2023.05.28"]
[Round "1"]
[White "Classen, Miguel"]
[Black "Reetz, Shaila"]
[Result "1-0"]
[Termination "normal"]
[Board "24"]
[WhiteElo "1200"]
[BlackElo "1003"]
[WhiteClock "01:30:16"]
[BlackClock "01:23:36"]
[PlyCount "85"]
[WhiteFideId "34623825"]
[BlackFideId "34630317"]
[EventCountry "GER"]
[EventRounds "9"]
[EventType "swiss"]
[EventDate "2023.05.27"]

1. e4 {[%clk 01:30:59]} 1... e5 {[%clk 01:30:52] [%emt 00:00:08]} 2. Nf3 {[%clk
01:31:26] [%emt 00:00:03]} 2... Nc6 {[%clk 01:31:13] [%emt 00:00:09]} 3. Bb5
{[%clk 01:31:48] [%emt 00:00:08]} 3... d6 {[%clk 01:30:56] [%emt 00:00:47]} 4.
h3 {[%clk 01:32:05] [%emt 00:00:13]} 4... d5 {[%clk 01:30:50] [%emt 00:00:36]}
5. Nc3 {[%clk 01:31:44] [%emt 00:00:51]} 5... dxe4 {[%clk 01:30:49] [%emt
00:00:29]} 6. Nxe4 {[%clk 01:32:01] [%emt 00:00:14]} 6... Bb4 {[%clk 01:30:58]
[%emt 00:00:21]} 7. Nxe5 {[%clk 01:32:09] [%emt 00:00:22]} 7... Nh6 {[%clk
01:30:36] [%emt 00:00:52]} 8. Nxc6 {[%clk 01:32:30] [%emt 00:00:09]} 8... bxc6
{[%clk 01:30:49] [%emt 00:00:17]} 9. Bxc6+ {[%clk 01:32:49] [%emt 00:00:12]}
9... Bd7 {[%clk 01:30:53] [%emt 00:00:26]} 10. Bxa8 {[%clk 01:33:08] [%emt
00:00:11]} 10... Qxa8 {[%clk 01:31:11] [%emt 00:00:09]} 11. Qe2 {[%clk
01:33:07] [%emt 00:00:32]} 11... O-O {[%clk 01:31:14] [%emt 00:00:28]} 12. O-O
{[%clk 01:32:51] [%emt 00:00:45]} 12... Be7 {[%clk 01:30:23] [%emt 00:01:21]}
13. d3 {[%clk 01:32:46] [%emt 00:00:36]} 13... Nf5 {[%clk 01:29:59] [%emt
00:00:54]} 14. Ng3 {[%clk 01:32:29] [%emt 00:00:46]} 14... Nh4 {[%clk 01:29:42]
[%emt 00:00:47]} 15. f3 {[%clk 01:32:12] [%emt 00:00:46]} 15... Bd6 {[%clk
01:29:15] [%emt 00:00:55]} 16. Ne4 {[%clk 01:32:07] [%emt 00:00:36]} 16... Be5
{[%clk 01:28:44] [%emt 00:01:01]} 17. Nc5 {[%clk 01:31:28] [%emt 00:01:09]}
17... Bg3 {[%clk 01:28:24] [%emt 00:00:52]} 18. Nxd7 {[%clk 01:30:59] [%emt
00:00:59]} 18... Rd8 {[%clk 01:28:12] [%emt 00:00:39]} 19. Nc5 {[%clk 01:30:31]
[%emt 00:01:00]} 19... Re8 {[%clk 01:27:12] [%emt 00:01:32]} 20. Be3 {[%clk
01:29:07] [%emt 00:01:53]} 20... c6 {[%clk 01:26:36] [%emt 00:01:07]} 21. Ne4
{[%clk 01:26:34] [%emt 00:03:03]} 21... Bc7 {[%clk 01:25:45] [%emt 00:01:20]}
22. Bf2 {[%clk 01:25:10] [%emt 00:01:55]} 22... Qb8 {[%clk 01:25:49] [%emt
00:00:26]} 23. Bxh4 {[%clk 01:24:18] [%emt 00:01:22]} 23... Bb6+ {[%clk
01:24:33] [%emt 00:01:46]} 24. Bf2 {[%clk 01:24:10] [%emt 00:00:37]} 24... Bd8
{[%clk 01:24:17] [%emt 00:00:46]} 25. Rfe1 {[%emt 00:02:28]} 25... Bg5 {[%clk
01:22:49] [%emt 00:00:06]} 26. Nf6+ {[%clk 01:24:03] [%emt 00:00:32]} 26...
gxf6 {[%clk 01:22:12] [%emt 00:01:04]} 27. Qxe8+ {[%clk 01:24:26] [%emt
00:00:10]} 27... Qxe8 {[%clk 01:22:08] [%emt 00:00:33]} 28. Rxe8+ {[%clk
01:24:43] [%emt 00:00:14]} 28... Kg7 {[%clk 01:22:25] [%emt 00:00:12]} 29. Rc8
{[%clk 01:25:00] [%emt 00:00:13]} 29... f5 {[%clk 01:21:59] [%emt 00:00:56]}
30. Rxc6 {[%clk 01:25:21] [%emt 00:00:09]} 30... a5 {[%clk 01:22:11] [%emt
00:00:17]} 31. d4 {[%clk 01:25:41] [%emt 00:00:10]} 31... Bf6 {[%clk 01:22:15]
[%emt 00:00:25]} 32. Rxf6 {[%clk 01:26:04] [%emt 00:00:08]} 32... Kxf6 {[%clk
01:22:29] [%emt 00:00:14]} 33. Re1 {[%clk 01:26:30] [%emt 00:00:05]} 33... h5
{[%clk 01:22:37] [%emt 00:00:21]} 34. d5 {[%clk 01:26:52] [%emt 00:00:09]}
34... f4 {[%clk 01:22:58] [%emt 00:00:09]} 35. d6 {[%clk 01:27:15] [%emt
00:00:07]} 35... Kf5 {[%clk 01:22:45] [%emt 00:00:04]} 36. d7 {[%clk 01:27:40]
[%emt 00:00:44]} 36... f6 {[%clk 01:23:02] [%emt 00:00:13]} 37. d8=Q {[%clk
01:27:57] [%emt 00:00:13]} 37... h4 {[%clk 01:23:21] [%emt 00:00:08]} 38. Qd5+
{[%clk 01:28:18] [%emt 00:00:13]} 38... Kg6 {[%clk 01:23:34] [%emt 00:00:16]}
39. Bxh4 {[%clk 01:28:41] [%emt 00:00:07]} 39... Kg7 {[%clk 01:23:34] [%emt
00:00:31]} 40. Bxf6+ {[%clk 01:28:58] [%emt 00:00:13]} 40... Kxf6 {[%clk
01:23:20] [%emt 00:00:42]} 41. Re6+ {[%clk 01:29:21] [%emt 00:00:08]} 41... Kf7
{[%clk 01:23:35] [%emt 00:00:04]} 42. Qd7+ {[%clk 01:29:49] [%emt 00:00:13]}
42... Kf8 {[%clk 01:23:36] [%emt 00:00:29]} 43. Re8# {[%clk 01:30:16] [%emt
00:00:04]} 1-0

[Event "ODJM C 2023"]
[Site "Willingen GER"]
[Date "2023.05.28"]
[Round "1"]
[White "Nehrukumar, Rithika"]
[Black "Carstens, Finja"]
[Result "0-1"]
[Termination "normal"]
[Board "25"]
[WhiteElo "990"]
[BlackElo "1478"]
[WhiteClock "01:04:53"]
[BlackClock "00:59:02"]
[PlyCount "60"]
[WhiteFideId "34660550"]
[BlackFideId "34617841"]
[EventCountry "GER"]
[EventRounds "9"]
[EventType "swiss"]
[EventDate "2023.05.27"]

1. e4 {[%clk 01:30:57] [%emt 00:00:02]} 1... d5 {[%clk 01:30:53] [%emt
00:00:08]} 2. exd5 {[%clk 01:31:09] [%emt 00:00:18]} 2... Qxd5 {[%clk 01:31:16]
[%emt 00:00:07]} 3. Nc3 {[%emt 00:00:17]} 3... Qa5 {[%emt 00:00:13]} 4. Nf3
{[%clk 01:30:10] [%emt 00:00:50]} 4... Bf5 {[%clk 01:30:53] [%emt 00:01:01]} 5.
Bc4 {[%clk 01:28:11] [%emt 00:02:30]} 5... Nf6 {[%clk 01:30:24] [%emt
00:00:59]} 6. Ng5 {[%clk 01:26:36] [%emt 00:01:44]} 6... e6 {[%clk 01:29:45]
[%emt 00:01:31]} 7. Qf3 {[%emt 00:01:11]} 7... c6 {[%emt 00:01:38]} 8. O-O
{[%clk 01:20:19] [%emt 00:00:57]} 8... Bxc2 {[%clk 01:28:07] [%emt 00:05:08]}
9. d4 {[%clk 01:18:50] [%emt 00:01:39]} 9... Bd6 {[%clk 01:25:49] [%emt
00:03:08]} 10. Bd2 {[%clk 01:15:40] [%emt 00:03:39]} 10... Qc7 {[%clk 01:23:36]
[%emt 00:02:44]} 11. g3 {[%clk 01:14:55] [%emt 00:00:59]} 11... Nbd7 {[%clk
01:20:22] [%emt 00:04:00]} 12. Rfe1 {[%clk 01:13:17] [%emt 00:00:41]} 12... h6
{[%clk 01:19:49] [%emt 00:02:30]} 13. Nge4 {[%clk 01:12:40] [%emt 00:00:58]}
13... Bxe4 {[%clk 01:16:58] [%emt 00:03:30]} 14. Nxe4 {[%clk 01:12:58] [%emt
00:00:13]} 14... Nxe4 {[%clk 01:16:20] [%emt 00:01:08]} 15. Rxe4 {[%clk
01:13:01] [%emt 00:00:26]} 15... Nf6 {[%clk 01:15:58] [%emt 00:00:54]} 16. Re2
{[%clk 01:11:42] [%emt 00:00:58]} 16... O-O-O {[%clk 01:09:22] [%emt 00:07:56]}
17. Rc1 {[%clk 01:09:54] [%emt 00:00:37]} 17... h5 {[%clk 01:09:00] [%emt
00:02:33]} 18. d5 {[%clk 01:09:57] [%emt 00:00:18]} 18... exd5 {[%clk 01:08:00]
[%emt 00:01:39]} 19. Bb5 {[%clk 01:09:25] [%emt 00:01:03]} 19... h4 {[%clk
01:06:29] [%emt 00:02:00]} 20. Bf4 {[%clk 01:07:42] [%emt 00:01:58]} 20... hxg3
{[%clk 01:04:47] [%emt 00:02:27]} 21. fxg3 {[%clk 01:07:48] [%emt 00:00:23]}
21... Bxf4 {[%clk 01:03:13] [%emt 00:02:05]} 22. gxf4 {[%clk 01:07:58] [%emt
00:00:19]} 22... Qb6+ {[%clk 01:02:50] [%emt 00:00:53]} 23. Kh1 {[%clk
01:06:51] [%emt 00:01:17]} 23... Qxb5 {[%clk 01:02:57] [%emt 00:00:44]} 24. Re7
{[%clk 01:06:35] [%emt 00:00:46]} 24... Qxb2 {[%clk 01:02:00] [%emt 00:01:26]}
25. h3 {[%clk 01:05:41] [%emt 00:01:24]} 25... Qxc1+ {[%clk 01:01:43] [%emt
00:00:48]} 26. Kg2 {[%clk 01:05:44] [%emt 00:00:11]} 26... Rde8 {[%clk
00:59:06] [%emt 00:03:23]} 27. Rxf7 {[%clk 01:05:37] [%emt 00:00:35]} 27...
Qd2+ {[%clk 00:59:06] [%emt 00:00:32]} 28. Kg3 {[%clk 01:05:56] [%emt
00:00:11]} 28... Re3 {[%clk 00:59:15] [%emt 00:00:21]} 29. f5 {[%emt 00:01:07]}
29... Rxf3+ {[%emt 00:00:16]} 30. Kxf3 {[%clk 01:04:53] [%emt 00:00:09]} 30...
Rxh3# {[%clk 00:59:02] [%emt 00:00:44]} 0-1